000 00936nam0a2200277 4500
001 RU\NLR\bibl\1308063
005 20250615153050.0
010 _a978-5-486-02236-4
_910000
021 _aRU
_b2008-84916
_94959
035 _a(NLR Aleph) 001293544
090 _a574393
_c574393
100 _a20081215d2008 |||y0rusy50 ca
101 1 _arus
_ceng
102 _aRU
105 _ay |||||||||
200 1 _aПринц-леопард
_e[историко-романтический роман]
_fЭ. Хойт
_g[пер. с англ. В. А. Ивановой]
210 _aМосква
_cМир книги
_d2008 (печ. 2007)
215 _a319 с.
_d20
686 _aШ6(7США)67-442{Лх1979-51}
700 1 _4070
_7ca
_8rus
_aХойт
_bЭ.
_f1970-
_gЭлизабет
_9256080
_3RU\NLR\AUTH\770256136
801 0 _aRU
_bNLR
_c20081215
_gRCR
801 1 _aRU
_bNLR
_c20081215
942 _cBOOK
980 _aNB